000 00596nam a2200241Ia 4500
003 OSt
005 20220918194609.0
006 a|||||r|||| 00| 0
007 ta
008 220917b |||||||| |||| 00| 0 eng d
024 _a80,412
037 _cTextual
040 _aARTS
_cARTS
_beng
041 _2eng
_aeng
082 _aS:51, K7
100 _aPerry David L
_985860
245 0 _aConcept of pleasure
260 _aHague
_bMouton
_c1967
300 _a224p.
_ccm.
650 _aPSYCHOLOGY
942 _hS:51, K7
_cTEXL
_2CC
999 _c204138
_d204138